| 000 | 00000nam##2200000za#4500 |
| 001 | 9.625977 |
| 003 | CaOODSP |
| 005 | 20220204123144 |
| 007 | ta |
| 008 | 150406|1978||||xxc||||| f|0| 0 fre|d |
| 022 | |a0706-6511 |
| 040 | |aCaOODSP|bfre |
| 043 | |an-cn--- |
| 086 | 1 |aFs94-184F |
| 110 | 2 |aOffice des recherches sur les pêcheries du Canada. |
| 245 | 10|aPoissons d'eau douce au Canada / |cpar W. B. Scott et E. J. Crossman. |
| 260 | |bOffice des recherches sur les pêcheries du Canada |c1978. |
| 300 | |a1026p. : |bill., cartes, tableaux ; |c26 cm. |
| 490 | 1 |aBulletin canadien des sciences halieutiques et aquatiques|x0706-6511|v184 |
| 500 | |aHors d'impression. |
| 563 | |aCouverture souple |
| 720 | 1 |aScott, W. B. |
| 720 | 1 |aCrossman, E. J. |
| 776 | 0#|tPoissons d'eau douce du Canada / |w(CaOODSP)9.607321 |
| 830 | #0|aBulletin canadien des sciences halieutiques et aquatiques,|x0706-6511|v184|w(CaOODSP)9.513047 |